<?xml version="1.0" encoding="UTF-8"?>
<record
    xmlns:xsi="http://www.w3.org/2001/XMLSchema-instance"
    xsi:schemaLocation="http://www.loc.gov/MARC21/slim http://www.loc.gov/standards/marcxml/schema/MARC21slim.xsd"
    xmlns="http://www.loc.gov/MARC21/slim">

  <leader>01415nam0a22003251  4500</leader>
  <controlfield tag="001">v19\rc\2024001</controlfield>
  <controlfield tag="005">20251118181448.5</controlfield>
  <datafield tag="035" ind1=" " ind2=" ">
    <subfield code="a">(NLR Aleph) 005103993</subfield>
  </datafield>
  <datafield tag="090" ind1=" " ind2=" ">
    <subfield code="a">7422410</subfield>
    <subfield code="c">7422410</subfield>
  </datafield>
  <datafield tag="100" ind1=" " ind2=" ">
    <subfield code="a">20251123              rusy50        </subfield>
  </datafield>
  <datafield tag="101" ind1="0" ind2=" ">
    <subfield code="a">rus</subfield>
  </datafield>
  <datafield tag="102" ind1=" " ind2=" ">
    <subfield code="a">RU</subfield>
  </datafield>
  <datafield tag="105" ind1=" " ind2=" ">
    <subfield code="a">ab  z   |||||</subfield>
  </datafield>
  <datafield tag="200" ind1="1" ind2=" ">
    <subfield code="a">&#x41E; &#x43D;&#x435;&#x43E;&#x431;&#x445;&#x43E;&#x434;&#x438;&#x43C;&#x43E;&#x441;&#x442;&#x438; &#x443;&#x441;&#x438;&#x43B;&#x438;&#x442;&#x44C; &#x43D;&#x430; &#x431;&#x43B;&#x438;&#x436;&#x430;&#x439;&#x448;&#x438;&#x435; &#x433;&#x43E;&#x434;&#x44B; &#x432; &#x420;&#x43E;&#x441;&#x441;&#x438;&#x438; &#x43F;&#x43E;&#x442;&#x440;&#x435;&#x431;&#x43B;&#x435;&#x43D;&#x438;&#x435; &#x434;&#x440;&#x43E;&#x432;, &#x43A;&#x430;&#x43A; &#x43F;&#x440;&#x43E;&#x43C;&#x44B;&#x448;&#x43B;&#x435;&#x43D;&#x43D;&#x43E;&#x433;&#x43E; &#x442;&#x43E;&#x43F;&#x43B;&#x438;&#x432;&#x430;</subfield>
    <subfield code="f">&#x41A;.&#x412;. &#x41A;&#x438;&#x440;&#x448;</subfield>
  </datafield>
  <datafield tag="210" ind1=" " ind2=" ">
    <subfield code="a">&#x41C;&#x43E;&#x441;&#x43A;&#x432;&#x430;</subfield>
    <subfield code="c">&#x442;&#x438;&#x43F;. &#x43F;/&#x444; "&#x41F;&#x435;&#x447;. &#x438;&#x441;&#x43A;&#x443;&#x441;&#x441;&#x442;&#x432;&#x43E;"</subfield>
    <subfield code="d">[1916]</subfield>
  </datafield>
  <datafield tag="215" ind1=" " ind2=" ">
    <subfield code="a">9 &#x441;.</subfield>
    <subfield code="c">&#x43A;&#x430;&#x440;&#x442;., &#x434;&#x438;&#x430;&#x433;&#x440;.</subfield>
    <subfield code="d">26</subfield>
  </datafield>
  <datafield tag="309" ind1=" " ind2=" ">
    <subfield code="a">&#x411;&#x435;&#x437; &#x442;&#x438;&#x442;. &#x43B;. &#x438; &#x43E;&#x431;&#x43B;.</subfield>
  </datafield>
  <datafield tag="311" ind1=" " ind2=" ">
    <subfield code="a">&#x41D;&#x430;&#x43F;&#x435;&#x447;. &#x432; "&#x412;&#x435;&#x441;&#x442;&#x43D;. &#x438;&#x43D;&#x436;&#x435;&#x43D;&#x435;&#x440;&#x43E;&#x432;" &#x437;&#x430; 1915 &#x433;., &#x2116; 16, &#x441;. 745-749 &#x43F;&#x43E;&#x434; &#x437;&#x430;&#x433;&#x43B;.: &#x41A; &#x432;&#x43E;&#x43F;&#x440;&#x43E;&#x441;&#x443; &#x43E; &#x441;&#x43D;&#x430;&#x431;&#x436;&#x435;&#x43D;&#x438;&#x438; &#x440;&#x443;&#x441;&#x441;&#x43A;&#x43E;&#x439; &#x43F;&#x440;&#x43E;&#x43C;&#x44B;&#x448;&#x43B;&#x435;&#x43D;&#x43D;&#x43E;&#x441;&#x442;&#x438; &#x442;&#x43E;&#x43F;&#x43B;&#x438;&#x432;&#x43E;&#x43C;</subfield>
  </datafield>
  <datafield tag="488" ind1=" " ind2="0">
    <subfield code="1">2001#$a&#x412;&#x435;&#x441;&#x442;&#x43D;&#x438;&#x43A; &#x438;&#x43D;&#x436;&#x435;&#x43D;&#x435;&#x440;&#x43E;&#x432;$v1915, &#x2116; 16</subfield>
    <subfield code="1">215##$a&#x421;. 745-749</subfield>
    <subfield code="t">&#x412;&#x435;&#x441;&#x442;&#x43D;&#x438;&#x43A; &#x438;&#x43D;&#x436;&#x435;&#x43D;&#x435;&#x440;&#x43E;&#x432;</subfield>
  </datafield>
  <datafield tag="700" ind1=" " ind2="1">
    <subfield code="7">ca</subfield>
    <subfield code="8">rus</subfield>
    <subfield code="a">&#x41A;&#x438;&#x440;&#x448;</subfield>
    <subfield code="b">&#x41A;.&#x412;.</subfield>
    <subfield code="f">1877-1919</subfield>
    <subfield code="g">&#x41A;&#x430;&#x440;&#x43B; &#x412;&#x430;&#x441;&#x438;&#x43B;&#x44C;&#x435;&#x432;&#x438;&#x447;</subfield>
    <subfield code="9">149483</subfield>
    <subfield code="3">RU\NLR\AUTH\770149519</subfield>
  </datafield>
  <datafield tag="801" ind1=" " ind2="0">
    <subfield code="a">RU</subfield>
    <subfield code="b">NLR</subfield>
    <subfield code="g">psbo</subfield>
  </datafield>
  <datafield tag="801" ind1=" " ind2="0">
    <subfield code="a">RU</subfield>
    <subfield code="b">RuMoRGB</subfield>
    <subfield code="2">psbo</subfield>
  </datafield>
  <datafield tag="801" ind1=" " ind2="1">
    <subfield code="a">RU</subfield>
    <subfield code="b">ProSoft-M</subfield>
    <subfield code="2">rusmarc</subfield>
  </datafield>
  <datafield tag="852" ind1=" " ind2=" ">
    <subfield code="a">NLR</subfield>
    <subfield code="j">37.56.7.104</subfield>
  </datafield>
  <datafield tag="899" ind1=" " ind2=" ">
    <subfield code="a">RuMoRGB</subfield>
    <subfield code="j">V 113/997</subfield>
  </datafield>
  <datafield tag="899" ind1=" " ind2=" ">
    <subfield code="a">RuMoRGB</subfield>
    <subfield code="j">U 250/549</subfield>
  </datafield>
  <datafield tag="899" ind1=" " ind2=" ">
    <subfield code="a">&#x411;&#x410;&#x41D;</subfield>
  </datafield>
  <datafield tag="942" ind1=" " ind2=" ">
    <subfield code="c">BOOK</subfield>
  </datafield>
  <datafield tag="980" ind1=" " ind2=" ">
    <subfield code="a">NB</subfield>
  </datafield>
  <datafield tag="995" ind1=" " ind2=" ">
    <subfield code="5">2013-10-26</subfield>
    <subfield code="b">NLR02</subfield>
    <subfield code="c">NLR02</subfield>
    <subfield code="e">RFS</subfield>
    <subfield code="f">1-3940991</subfield>
    <subfield code="k">37.56.7.104</subfield>
    <subfield code="o">0</subfield>
    <subfield code="r">BOOK</subfield>
    <subfield code="s">37567104_</subfield>
  </datafield>
  <datafield tag="995" ind1=" " ind2=" ">
    <subfield code="5">2013-10-26</subfield>
    <subfield code="b">NLR01</subfield>
    <subfield code="c">NLR01</subfield>
    <subfield code="e">TEMP</subfield>
    <subfield code="f">5103993-40</subfield>
    <subfield code="o">0</subfield>
    <subfield code="r">BOOK</subfield>
  </datafield>
</record>
